Tratado de psiquiatría del niño y del adolescente / (Record no. 17635)

MARC details
000 -LEADER
campo de control de longitud fija 01632nam a2200337 i 4500
001 - NÚMERO DE CONTROL
campo de control 17635
003 - IDENTIFICADOR DE NÚMERO DE CONTROL
campo de control ES-MaACL
005 - FECHA Y HORA DE LA ÚLTIMA TRANSACCIÓN
campo de control 20250811100319.0
007 - CAMPO FIJO DE DESCRIPCIÓN FÍSICA--INFORMACIÓN GENERAL
campo de control de longitud fija t|
008 - DATOS DE LONGITUD FIJA--INFORMACIÓN GENERAL
campo de control de longitud fija 010411m19881995sp ||||0| spa j ..|
015 ## - NÚMERO DE BIBLIOGRAFÍA NACIONAL
Número de bibliografía nacional 1990-ENE-790
016 7# - NÚMERO DE CONTROL DE UNA AGENCIA BIBLIOGRÁFICA NACIONAL
Número de control cancelado/no válido SAB9000069511
020 ## - NÚMERO INTERNACIONAL ESTÁNDAR DEL LIBRO
Número Internacional Estándar del Libro 84-7030-315-5
040 ## - FUENTE DE CATALOGACIÓN
Centro catalogador/agencia de origen M-BN-DP
Lengua de catalogación spa
Centro/agencia transcriptor M-BN-DP
080 ## - NÚMERO DE LA CLASIFICACIÓN DECIMAL UNIVERSAL
Número de la Clasificación Decimal Universal 616.89-053.2/.6
100 1# - ENTRADA PRINCIPAL--NOMBRE DE PERSONA
Nombre de persona Lebovici, Serge.
9 (RLIN) 71028
245 10 - MENCIÓN DEL TÍTULO
Título Tratado de psiquiatría del niño y del adolescente /
Mención de responsabilidad, etc. Serge Lebovici, René Diatkine, Michel Soulé ; traductor, Ignacio Avellanosa ... [et al.] ; prólogo, Alberto Lasa ... [et al.].
260 ## - PUBLICACIÓN, DISTRIBUCIÓN, ETC.
Lugar de publicación, distribución, etc. Madrid :
Nombre del editor, distribuidor, etc. Biblioteca Nueva,
Fecha de publicación, distribución, etc. 1988-1995.
300 ## - DESCRIPCIÓN FÍSICA
Extensión 7 v. ;
Dimensiones 24 cm.
490 1# - MENCIÓN DE SERIE
Mención de serie Colección Psicoanálisis y psicoterapia
505 8# - NOTA DE CONTENIDO CON FORMATO
Nota de contenido con formato Contiene: t. 1. Los límites del campo de la psiquiatría infantil -- t. 2 Medios de diagnóstico. Las consecuencias psiquiátricas de los disfuncionamientos cerebrales y somáticos -- t. 3. Psicopatología I, alteraciones al funcionamiento mental del niño y del adolescente -- t. 4. Psicopatología II, la expresión manifiesta de los trastornos y su comprensión -- t. 5. La patología en relación a la edad -- t. 6. El niño, familia y enseñanza -- t. 7. El niño y la sociedad
650 17 - PUNTO DE ACCESO ADICIONAL DE MATERIA--TÉRMINO DE MATERIA
Término de materia o nombre geográfico como elemento de entrada Psiquiatría infantil
Fuente del encabezamiento o término embne
9 (RLIN) 16595
700 1# - ENTRADA AGREGADA--NOMBRE PERSONAL
Nombre de persona Diatkine, René.
9 (RLIN) 44110
700 1# - ENTRADA AGREGADA--NOMBRE PERSONAL
Nombre de persona Soulé, Michel.
9 (RLIN) 107562
700 1# - ENTRADA AGREGADA--NOMBRE PERSONAL
Nombre de persona Avellanosa, Ignacio.
9 (RLIN) 24010
700 1# - ENTRADA AGREGADA--NOMBRE PERSONAL
Nombre de persona Lasa, Alberto.
9 (RLIN) 70392
830 0# - PUNTO DE ACCESO ADICIONAL DE SERIE-TÍTULO UNIFORME
Título uniforme Colección Psicoanálisis y psicoterapia
9 (RLIN) 228731
852 ## - LOCALIZACIÓN
Ubicación ES-MaACL
Número de control de estantería L-24534-40
Sublocalización o colección R.129804
Holdings
Estatus retirado Estado de pérdida Estado de daño No para préstamo Biblioteca de origen Biblioteca actual Ubicación en estantería Fecha de adquisición Fuente de adquisición Total de préstamos Signatura topográfica completa Código de barras Visto por última vez Precio de reemplazo Tipo de ítem Koha
        Biblioteca del Ateneo de Madrid Biblioteca del Ateneo de Madrid Depósito 2 17/01/2008     L-24534-40 1017990 23/02/2023 23/02/2023 Libro impreso